| 000 | 01336nam0a2200289 4500 | ||
|---|---|---|---|
| 001 | RU\NLR\bibl\511201 | ||
| 005 | 20250609142647.0 | ||
| 021 |
_aRU _b2004-11615 _9596 |
||
| 035 | _a(NLR Aleph) 000503699 | ||
| 090 |
_a1189525 _c1189525 |
||
| 100 | _a20040414d2001 |||y0rusy50 ca | ||
| 101 | 0 |
_arus _ager |
|
| 102 | _aRU | ||
| 105 | _ay ||||||||| | ||
| 200 | 1 |
_aНемецкий язык _eТерминол. слов.-минимум для студентов механиков и машиностроителей _eУчеб. пособие для I и II курсов _fМ.В. Маслова, М.В. Миловидова _gМ-во образования Рос. Федерации, С.-Петерб. гос. техн. ун-т |
|
| 210 |
_aСПб. _cИзд-во СПбГТУ _d2001 |
||
| 215 |
_a20 с. _d20 |
||
| 606 | 0 |
_aНемецкий язык _xТерминология машиностроительная _xСловари _xРусский язык _91746546 _3RU\NLR\auth\66781990 |
|
| 686 | _aШ143.24-491терм | ||
| 700 | 1 |
_aМаслова _bМ. В. _gМария Витальевна _4070 |
|
| 701 | 1 |
_aМиловидова _bМ. В. _gМарина Витальевна _4070 |
|
| 801 | 0 |
_aRU _bNLR _c20040414 _gPSBO |
|
| 801 | 1 |
_aRU _bNLR _c20040414 |
|
| 830 | _aАвт. по кн. | ||
| 942 | _cBOOK | ||
| 980 | _aNB | ||